[Event "Challenge"]
[Site "http://www.queenalice.com/game.php?id=122499"]
[Date "2006.10.27"]
[Round "-"]
[White "king28"]
[Black "guermantes"]
[Result "1-0"]
[WhiteElo "1536"]
[BlackElo "1614"]

1. e4 e5 2. Nf3 d6 3. Bc4 Nd7 4. d4 c6 5. dxe5 Nxe5 6. Nxe5 Qa5+ 7. Nc3 dxe5 8.
Qf3 Nf6 9. Bd2 Bg4 10. Qg3 h6 11. Nd5 Nxe4 12. Bxa5 Nxg3 13. Nc7+ Kd7 14. hxg3
Rc8 15. f3 Rxc7 16. Bxc7 Kxc7 17. fxg4 Bc5 18. O-O-O f6 19. Be6 Rd8 20. Rxd8
Kxd8 21. Bf5 Kc7 22. Rd1 Bd6 23. c4 a6 24. Kc2 1-0

[Event "AUTO-OPEN-433"]
[Site "http://www.queenalice.com/game.php?id=122654"]
[Date "2006.10.28"]
[Round "1"]
[White "marcos_excel"]
[Black "king28"]
[Result "0-1"]
[WhiteElo "1665"]
[BlackElo "1629"]

1. e4 e5 2. Qh5 d6 3. Bc4 Qf6 4. Nh3 Be6 5. Bxe6 Qxe6 6. Ng5 Qf6 7. Nxh7 Qe7 8.
d3 g6 9. Qg4 Rxh7 10. O-O Nd7 11. Nc3 Ngf6 12. Qf3 Nh5 13. g4 Ng7 14. Nd5 Qd8
15. Bg5 f6 16. Bxf6 Qc8 17. Bg5 c6 18. Nc3 Ne6 19. Be3 Qc7 20. a4 O-O-O 21. b4
Bh6 22. Nd1 Rf8 23. Qh3 Rfh8 24. g5 Bxg5 25. Qxe6 Qd8 26. Qxd6 Bxe3 27. Nxe3
Qg5+ 28. Ng2 Rxh2 29. Rfe1 Qxg2# 0-1

[Event "AUTO-OPEN-433"]
[Site "http://www.queenalice.com/game.php?id=122655"]
[Date "2006.10.28"]
[Round "1"]
[White "king28"]
[Black "marcos_excel"]
[Result "1-0"]
[WhiteElo "1636"]
[BlackElo "1662"]

1. e4 e5 2. c3 Nf6 3. d3 Nc6 4. Nf3 h6 5. h3 d5 6. Qa4 Bd7 7. Qb3 Na5 8. Qc2 Bd6
9. Be3 dxe4 10. dxe4 O-O 11. b4 Nc6 12. Bd3 a6 13. Na3 b5 14. Qd2 g5 15. Nxg5
hxg5 16. Bxg5 Re8 17. Qe3 a5 18. bxa5 Bxa3 19. Bxb5 Nxa5 20. Bxd7 Qxd7 21. Bxf6
Kh7 22. Qg5 Rg8 23. Qh5# 1-0

[Event "AUTO-OPEN-433"]
[Site "http://www.queenalice.com/game.php?id=122676"]
[Date "2006.10.28"]
[Round "1"]
[White "ManofBlack"]
[Black "king28"]
[Result "0-1"]
[WhiteElo "1473"]
[BlackElo "1611"]

1. e4 e5 2. Qh5 Nc6 3. Nh3 Nf6 4. Qf3 Nd4 5. Qd3 d6 6. Ng5 Ng4 7. h4 Qf6 8. f3
Nh6 9. Qc4 c6 10. c3 Nc2+ 11. Kd1 Nxa1 12. Na3 Be6 13. Nxe6 Qxe6 14. Qa4 d5 15.
Bb5 dxe4 16. Nc4 f6 17. d4 cxb5 18. Qxb5+ Qc6 19. Qa5 exf3 20. g3 Qxc4 21. Kd2
Qe2# 0-1

[Event "AUTO-OPEN-433"]
[Site "http://www.queenalice.com/game.php?id=122677"]
[Date "2006.10.28"]
[Round "1"]
[White "king28"]
[Black "ManofBlack"]
[Result "1-0"]
[WhiteElo "1592"]
[BlackElo "1486"]

1. e4 e5 2. Nf3 Nc6 3. d4 Bb4+ 4. c3 h6 5. cxb4 Nxb4 6. Nxe5 Qe7 7. Bc4 Qd6 8.
Nxf7 Nc2+ 9. Qxc2 Qxd4 10. Nxh8 Nf6 11. O-O Ng4 12. Nc3 Qxc4 13. e5 Nxe5 14. Re1
d6 15. f4 Qc5+ 16. Be3 Qc6 17. fxe5 dxe5 18. Qg6+ Kf8 19. Qf7# 1-0

[Event "AUTO-INT-226"]
[Site "http://www.queenalice.com/game.php?id=122720"]
[Date "2006.10.28"]
[Round "1"]
[White "ricvila"]
[Black "king28"]
[Result "0-1"]
[WhiteElo "1372"]
[BlackElo "1628"]

1. e4 e5 2. Nf3 d6 3. Bc4 h6 4. Nc3 Nf6 5. d3 Be7 6. O-O O-O 7. Be3 c6 8. d4
exd4 9. Bxd4 Bg4 10. h3 Bh5 11. Bb3 Nbd7 12. Re1 c5 13. Be3 Ne5 14. Nd5 Nxf3+
15. gxf3 Nxe4 16. fxe4 Bxd1 0-1

[Event "AUTO-INT-226"]
[Site "http://www.queenalice.com/game.php?id=122721"]
[Date "2006.10.28"]
[Round "1"]
[White "king28"]
[Black "ricvila"]
[Result "1-0"]
[WhiteElo "1650"]
[BlackElo "1220"]

1. e4 e6 2. d4 d5 3. e5 c5 4. c3 Nc6 5. Bb5 Qb6 6. Ba4 Bd7 7. Nf3 cxd4 8. cxd4
f6 9. O-O Rc8 10. a3 a6 11. exf6 Nxf6 12. Nc3 Na5 13. Ne5 Rc7 14. Nxd7 Rxd7 15.
Bxd7+ Nxd7 16. Rb1 Nf6 17. Bg5 Qc7 18. Bxf6 gxf6 19. Qe2 Nc4 20. Qxe6+ Qe7 21.
Qc8+ Kf7 22. Rfe1 Qd6 23. Qxb7+ Kg6 24. Qxd5 Qxd5 25. Nxd5 Nd6 26. Re6 Rg8 27.
Nxf6 1-0

[Event "AUTO-INT-226"]
[Site "http://www.queenalice.com/game.php?id=122736"]
[Date "2006.10.28"]
[Round "1"]
[White "BuzzKiller"]
[Black "king28"]
[Result "0-1"]
[WhiteElo "1438"]
[BlackElo "1509"]

1. Nf3 d5 2. d4 Nc6 3. Bf4 Bg4 4. Ne5 Bd7 5. e3 Nf6 6. Bb5 Nxe5 7. Bxd7+ Nexd7
8. Nc3 e5 9. dxe5 Ne4 10. Nxe4 dxe4 11. Qd5 Nc5 12. Qc4 f5 13. b4 Na6 14. Qe6+
Qe7 15. Qxf5 Qxb4+ 16. Kd1 Rd8+ 17. Kc1 Qc3 18. Qe6+ Be7 19. Rd1 Qxa1# 0-1

[Event "AUTO-INT-226"]
[Site "http://www.queenalice.com/game.php?id=122737"]
[Date "2006.10.28"]
[Round "1"]
[White "king28"]
[Black "BuzzKiller"]
[Result "0-1"]
[WhiteElo "1660"]
[BlackElo "1479"]

1. e4 d5 2. exd5 Qxd5 3. Nc3 Qd8 4. Bc4 Nc6 5. Nf3 e5 6. d3 Bg4 7. h3 Bxf3 8.
Qxf3 Qf6 9. Bd5 Nd4 10. Qd1 Bc5 11. Bxb7 Rd8 12. Be3 Ne7 13. Ne4 Qb6 14. Nxc5
Qxc5 15. c3 Qa5 16. O-O Ndf5 17. Be4 Nxe3 18. fxe3 O-O 19. d4 f5 20. Bc2 Nd5 21.
e4 Ne3 22. Qh5 Nxf1 23. Rxf1 Rd6 24. exf5 exd4 25. f6 Qxh5 26. Bb3+ Kh8 27. f7
d3 28. Re1 Qc5+ 29. Kh1 Rdd8 0-1

[Event "AUTO-INT-226"]
[Site "http://www.queenalice.com/game.php?id=122746"]
[Date "2006.10.28"]
[Round "1"]
[White "Kaka"]
[Black "king28"]
[Result "0-1"]
[WhiteElo "1440"]
[BlackElo "1572"]

1. e4 e5 2. Qh5 d6 3. Bb5+ c6 4. Bc4 Qf6 5. f3 Be6 6. Na3 g6 7. Qxh7 Rxh7 8. d3
d5 9. exd5 cxd5 10. Bb5+ Nd7 11. h4 Rxh4 12. Rxh4 Qxh4+ 13. Kd1 Qf2 14. Ne2 Bh6
15. Bxh6 Nxh6 16. Kd2 Nf5 17. g4 Qe3+ 18. Ke1 Ng3 19. c4 Qxe2# 0-1

[Event "AUTO-INT-226"]
[Site "http://www.queenalice.com/game.php?id=122747"]
[Date "2006.10.28"]
[Round "1"]
[White "king28"]
[Black "Kaka"]
[Result "0-1"]
[WhiteElo "1650"]
[BlackElo "1551"]

1. e4 e5 2. Nf3 Qf6 3. d3 h6 4. Nc3 Nc6 5. Be3 Bb4 6. a3 Bxc3+ 7. bxc3 Nge7 8.
d4 exd4 9. cxd4 Na5 10. Bd3 Qg6 11. O-O d5 12. exd5 f5 13. Ne5 Qf6 14. c4 b6 15.
Qa4+ c6 16. dxc6 Naxc6 17. Nxc6 Nxc6 18. d5 Bd7 19. dxc6 Bxc6 20. Qc2 g6 21.
Rfe1 O-O 22. Bxh6 Rfe8 23. Rxe8+ Rxe8 24. Qc1 Qh4 25. Qg5 Qxg5 26. Bxg5 a5 27.
f3 Re6 28. Rb1 Ba4 29. Bf4 Kf7 30. Kf2 Kf6 31. Be3 g5 32. Rxb6 f4 33. Bd4+ Ke7
34. Rxe6+ Kxe6 35. Bb6 Kd6 36. Bxa5 Ke5 37. Bb6 Kd6 38. Bd8 Bd7 39. Bxg5 Ke5 40.
g3 fxg3+ 41. hxg3 Kd4 42. Be2 Ke5 43. c5 Kf5 44. Bd8 Ke5 0-1

[Event "Let's Play Chess!"]
[Site "http://www.queenalice.com/game.php?id=151444"]
[Date "2007.1.8"]
[Round "-"]
[White "king28"]
[Black "CampbellMarcel"]
[Result "1-0"]
[WhiteElo "1629"]
[BlackElo "400"]

1. e4 e6 2. d4 c5 3. d5 exd5 4. Qxd5 Nf6 5. Qe5+ Be7 6. Be3 d6 7. Qg3 O-O 8. Bd3
Nh5 9. Qf3 g6 10. Nc3 Nc6 11. O-O-O Ne5 12. Qe2 Nxd3+ 13. Qxd3 Be6 14. f3 Qc7
15. Nge2 c4 16. Qd2 Bf6 17. g4 1-0

[Event "AUTO-OPEN-433"]
[Site "http://www.queenalice.com/game.php?id=180005"]
[Date "2007.3.11"]
[Round "2"]
[White "king28"]
[Black "rsgaspar"]
[Result "0-1"]
[WhiteElo "1630"]
[BlackElo "1771"]

1. e4 e5 2. Bc4 Bc5 3. Qh5 Qf6 4. Qf3 c6 5. d3 h6 6. Be3 Qxf3 7. Nxf3 d6 8. Bxc5
dxc5 9. Nxe5 Be6 10. Bxe6 fxe6 11. Ng6 Rh7 12. Nc3 Nd7 13. O-O-O Ngf6 0-1

[Event "AUTO-OPEN-433"]
[Site "http://www.queenalice.com/game.php?id=180006"]
[Date "2007.3.11"]
[Round "2"]
[White "rsgaspar"]
[Black "king28"]
[Result "1-0"]
[WhiteElo "1781"]
[BlackElo "1620"]

1. e4 e5 2. Nf3 d6 3. h3 Nc6 4. Bc4 h6 5. c3 Nf6 6. d3 Bd7 7. Qb3 Na5 8. Bxf7+
Ke7 9. Qa3 Kxf7 10. Qxa5 b6 11. Qa3 d5 12. Qb3 Bd6 13. Nbd2 1-0

[Event "AUTO-INT-226"]
[Site "http://www.queenalice.com/game.php?id=205510"]
[Date "2007.5.3"]
[Round "2"]
[White "Kaka"]
[Black "king28"]
[Result "1-0"]
[WhiteElo "1524"]
[BlackElo "1564"]

1. e4 e5 2. Nf3 d6 3. Nc3 Bg4 4. h3 Bh5 5. g4 Bg6 6. d3 h6 7. Nd5 c6 8. Nc3 Nd7
9. h4 f6 10. Bg2 h5 11. g5 Qc7 12. d4 exd4 13. Nxd4 O-O-O 14. Ne6 Qb6 15. Na4
Qa5+ 16. Nc3 Re8 17. Nf4 Bxe4 18. Bxe4 Rxe4+ 19. Be3 fxg5 20. Ng6 Rh7 21. Nxf8
Nxf8 22. Qxd6 Re6 23. Qxf8+ Qd8 24. Qc5 b6 25. Qf5 Qf6 26. Qxh7 1-0

[Event "AUTO-INT-226"]
[Site "http://www.queenalice.com/game.php?id=205511"]
[Date "2007.5.3"]
[Round "2"]
[White "king28"]
[Black "Kaka"]
[Result "0-1"]
[WhiteElo "1546"]
[BlackElo "1542"]

1. e4 d5 2. exd5 Qxd5 3. Nf3 Bg4 4. Be2 Nc6 5. Nc3 Qf5 6. d3 e6 7. Be3 Bd6 8.
Nh4 Qa5 9. Bxg4 Qe5 10. Nf3 Qa5 11. O-O h5 12. Bh3 Nf6 13. Nd4 Nxd4 14. Bxd4 Be5
15. Bxe5 Qxe5 16. d4 Qf4 17. g3 Qd6 18. Re1 O-O 19. d5 e5 20. Ne4 Nxe4 21. Rxe4
f6 22. Qxh5 Qxd5 23. Rh4 Rae8 24. Rd1 Qxa2 25. Qh8+ Kf7 26. Rd7+ Re7 0-1

[Event "AUTO-INT-226"]
[Site "http://www.queenalice.com/game.php?id=205518"]
[Date "2007.5.3"]
[Round "2"]
[White "king28"]
[Black "Shydo"]
[Result "0-1"]
[WhiteElo "1573"]
[BlackElo "1753"]

1. e4 e5 2. Bc4 Nf6 3. Qf3 Bc5 4. d3 d5 5. exd5 O-O 6. Bg5 c6 7. dxc6 Nxc6 8.
Bxf6 Qxf6 9. Qxf6 gxf6 10. c3 a6 11. Nd2 b5 12. Bd5 Bb7 13. Nb3 Bb6 14. d4 exd4
15. cxd4 Rfe8+ 16. Kd2 Rab8 17. Nf3 Nxd4 18. Bxf7+ Kxf7 19. Rac1 Bxf3 0-1

[Event "AUTO-INT-226"]
[Site "http://www.queenalice.com/game.php?id=205519"]
[Date "2007.5.3"]
[Round "2"]
[White "Shydo"]
[Black "king28"]
[Result "1-0"]
[WhiteElo "1743"]
[BlackElo "1583"]

1. d4 d5 2. c4 c6 3. e3 e6 4. c5 b6 5. b4 bxc5 6. bxc5 Nd7 7. Nf3 Ngf6 8. Be2
Be7 9. O-O Qc7 10. Nc3 a6 11. Bb2 e5 12. dxe5 Ng4 13. Nb1 Bxc5 14. Nc3 Ndxe5 15.
Nxe5 Nxe5 16. e4 dxe4 17. Nxe4 Bb6 18. Re1 O-O 19. Rb1 Bf5 20. Bf3 1-0